Statistics for Famous People from the 2nd century AD

Click here to take the quiz!

General Stats

  • This quiz has been taken 28 times
  • The average score is 5 of 14

Answer Stats

HintAnswer% Correct
Roman emperor, who build a border wall in northern EnglandHadrian
100%
His son and gladiatorial enthusiastCommodus
64%
Roman emperor and stoic philosopher, author of the "Meditations"Marc Aurel
52%
Astronomer and author of the AlmagestPtolemy
44%
Greek physician, who became the most important physicians for the next milleniumGalen
32%
First emperor of the Severus dynasty of RomeSeptimius Severus
32%
Northern warlord in the Three Kingdoms period, who became a villain in chinese cultureCao Cao
28%
Leader of the Bar Kokhbar revoltSimon bar Kokhba
28%
Chinese inventor of paperCai Lun
24%
Founder of the Shu Han dynasty in eastern ChinaLiu Bei
16%
Three Kingdoms warlord, who killed his stepfather Dong ZhuoLü Bu
16%
Three Kingdoms warlord, who conquered the Jangtse river mouth, brother of Sun QuanSun Ce
16%
Founder of the Kushan Empire in Pakistan, India and AfghanistanKanishka
12%
Leader of the yellow turban rebellion against the Han dynastyZhang Jue
4%

Score Distribution

Percentile by Number Answered

Percent of People with Each Score

Your Score History

You have not taken this quiz